000 00224nam a22000857a 4500
008 170203b xxu||||| |||| 00| 0 eng d
100 _92757
_aGupta.R.G.etal.
245 _aLab Manual Mathematics-VII
260 _aNew Delhi
_bAPC
_c2008
999 _c5946
_d5946